| 000 | 00816nam a22002177a 4500 | ||
|---|---|---|---|
| 005 | 20250910160953.0 | ||
| 008 | 250910b |||||||| |||| 00| 0 eng d | ||
| 037 | _cTB | ||
| 040 |
_aCL _cCL |
||
| 041 |
_2Hin _aHindi |
||
| 084 | _aO152,3N212 P4 | ||
| 100 |
_aयायावर, भारत _9821044 |
||
| 245 | _aफणीश्वरनाथ रेणु की श्रेष्ठ कहानियाॅ | ||
| 260 |
_a भारत, नई दिल्ली _bनेशनल बुक _c2004 |
||
| 300 | _a260पृ. | ||
| 365 |
_b55 _cINR |
||
| 650 | _2हिन्दी कहानी | ||
| 700 |
_a भारत, यायावर _e।नण् _9821045 |
||
| 942 |
_2CC _cTB _hO152,3N212 P4 _n0 |
||
| 999 |
_c1435310 _d1435310 |
||